000 00568nam a2200205Ia 4500
003 OSt
005 20251009092116.0
008 210210b2000 xxu||||| |||| 00| 0 eng d
040 _cAL
041 _aSanskrit
082 _aS891.8K BHAV
100 _aBhat G N Ed
_9241346
245 _aVyaktitva vikasana
_b: bharatiya drashti
260 _aMangaluru
_bCenter for Inter-disciplinary Studies and Research in Sanskrit
_c2000
300 _aviii,68p
650 _aVyaktitva
_9241347
690 _aSanskrit Miscellaneous
_9241351
906 _a065505
942 _2ddc
_cBK
999 _c143014
_d143014